Normal view
MARC view
Entry Personal Name
001 - CONTROL NUMBER
- control field: 228
003 - CONTROL NUMBER IDENTIFIER
- control field: csc
005 - DATE AND TIME OF LATEST TRANSACTION
- control field: 20140507162049.0
008 - FIXED-LENGTH DATA ELEMENTS
- fixed length control field: 110204|||a|||||| | ||| d
040 ## - CATALOGING SOURCE
- Original cataloging agency: csc
- Transcribing agency: csc
100 ## - HEADING--PERSONAL NAME
- Personal name: Stevens, Wallace,
- Dates associated with a name: 1879-1955.
670 ## - SOURCE DATA FOUND
- Source citation: Work cat.: (csc)21: Stevens, Wallace, 1879-1955., Opus posthumous /, 1990.